| 000 | 00511nam a2200193Ia 4500 | ||
|---|---|---|---|
| 003 | IN-BaIIA | ||
| 008 | 211028s9999 xx 000 0 eng d | ||
| 040 | _cIIA Library | ||
| 080 |
_a512.643 _bHON |
||
| 100 |
_aHohn, F. E _99077 |
||
| 245 | 0 |
_aElementary matrix algebra _cF. E. Hohn |
|
| 250 | _a3rd ed. | ||
| 260 |
_aNew York _bMacmillan _c1973 |
||
| 300 | _axvi, 522p. | ||
| 650 |
_a Algebra _99078 |
||
| 650 |
_a Matrices _99079 |
||
| 650 |
_aAstronomy and astrophysics thesaurus _91143 |
||
| 942 | _cBK | ||
| 999 |
_c5092 _d5092 |
||